|
|
|
|
| LEADER |
00000nam0a2200000 4500 |
| 001 |
124487 |
| 005 |
20231031130934.0 |
| 010 |
|
|
|a 047149237X
|
| 035 |
|
|
|a (RuTPU)RU\TPU\book\134725
|
| 090 |
|
|
|a 124487
|
| 100 |
|
|
|a 20071101d2006 k y0engy50 ba
|
| 101 |
0 |
|
|a eng
|
| 102 |
|
|
|a US
|
| 105 |
|
|
|a a z 001zy
|
| 200 |
1 |
|
|a Investment Management
|f S. Lofthouse
|
| 210 |
|
|
|a New York
|c John Wiley & Sons, LTD.
|d 2006
|
| 215 |
|
|
|a 589 p.
|c ил.
|
| 320 |
|
|
|a Glossary: p. 533-545.
|
| 320 |
|
|
|a Index: p. 569-589.
|
| 320 |
|
|
|a References: p. 547-568.
|
| 610 |
1 |
|
|a экономика
|
| 610 |
1 |
|
|a инвестиции
|
| 610 |
1 |
|
|a управление
|
| 610 |
1 |
|
|a инвестиционный менеджмент
|
| 610 |
1 |
|
|a финансовый менеджмент
|
| 610 |
1 |
|
|a капитальные вложения
|
| 610 |
1 |
|
|a английский язык
|
| 686 |
|
|
|a У826.21
|2 rubbk
|
| 700 |
|
1 |
|a Lofthouse
|b S.
|g Stephen
|
| 801 |
|
1 |
|a RU
|b 63413507
|c 20071101
|g PSBO
|
| 801 |
|
2 |
|a RU
|b 63413507
|c 20080116
|g PSBO
|
| 942 |
|
|
|c BK
|
| 959 |
|
|
|a 74/20071101
|d 1
|e 0
|f ЯЦ_ИМО:1
|